|
|
|
|
| LEADER |
02694nam a2200625 i 4500 |
| 001 |
nkc20223474646 |
| 003 |
CZ PrNK |
| 005 |
20230105133339.0 |
| 007 |
ta |
| 008 |
221201s2022 xr a e p 000 0 cze |
| 015 |
|
|
|a cnb003474646
|
| 020 |
|
|
|a 978-80-7582-172-0
|q (brožováno) :
|c Kč 134,00
|
| 035 |
|
|
|a (OCoLC)1369540299
|
| 040 |
|
|
|a BOA001
|b cze
|e rda
|
| 043 |
|
|
|a e------
|a n------
|
| 072 |
|
7 |
|a 355/359
|x Vojenství. Obrana země. Ozbrojené síly
|2 Konspekt
|9 15
|
| 072 |
|
7 |
|a 37.016
|x Učební osnovy. Vyučovací předměty. Učebnice
|2 Konspekt
|9 22
|
| 080 |
|
|
|a 355.69
|2 MRF
|
| 080 |
|
|
|a 355.41
|2 MRF
|
| 080 |
|
|
|a 355.31
|2 MRF
|
| 080 |
|
|
|a 355.4
|2 MRF
|
| 080 |
|
|
|a (1-622)
|2 MRF
|
| 080 |
|
|
|a (075.8)
|2 MRF
|
| 100 |
1 |
|
|a Pecina, Miroslav,
|d 1957-
|7 xx0013894
|4 aut
|
| 245 |
1 |
0 |
|a Dopravní zabezpečení jednotek v mnohonárodní operaci - I :
|b (dopravní sítě a dopravní prostředky) : studijní pomůcka /
|c Miroslav Pecina
|
| 246 |
3 |
0 |
|a Dopravní sítě a dopravní prostředky
|
| 250 |
|
|
|a Vydání: první
|
| 264 |
|
1 |
|a Brno :
|b Univerzita obrany,
|c 2022
|
| 300 |
|
|
|a 52 stran :
|b ilustrace (převážně barevné) ;
|c 30 cm
|
| 336 |
|
|
|a text
|b txt
|2 rdacontent
|
| 337 |
|
|
|a bez média
|b n
|2 rdamedia
|
| 338 |
|
|
|a svazek
|b nc
|2 rdacarrier
|
| 500 |
|
|
|a Nad názvem: Univerzita obrany v Brně, Fakulta vojenského leadershipu
|
| 500 |
|
|
|a Na obálce označení: S-3455/1
|
| 500 |
|
|
|a 50 výtisků
|
| 504 |
|
|
|a Obsahuje bibliografii
|
| 610 |
2 |
7 |
|a Severoatlantická aliance
|7 kn20010711289
|2 czenas
|
| 650 |
0 |
7 |
|a vojenská doprava a přeprava
|7 ph188883
|z země Severoatlantické aliance
|2 czenas
|
| 650 |
0 |
7 |
|a logistika (vojenství)
|7 ph136847
|z země Severoatlantické aliance
|2 czenas
|
| 650 |
0 |
7 |
|a vojenské jednotky
|7 ph871009
|z země Severoatlantické aliance
|2 czenas
|
| 650 |
0 |
7 |
|a vojenské operace
|7 ph127198
|z země Severoatlantické aliance
|2 czenas
|
| 650 |
0 |
9 |
|a military transport
|z NATO countries
|2 eczenas
|
| 650 |
0 |
9 |
|a logistics (military art and science)
|z NATO countries
|2 eczenas
|
| 650 |
0 |
9 |
|a military units
|z NATO countries
|2 eczenas
|
| 650 |
0 |
9 |
|a war operations
|z NATO countries
|2 eczenas
|
| 653 |
0 |
|
|a mnohonárodní logistika
|
| 655 |
|
7 |
|a učebnice vysokých škol
|7 fd133772
|2 czenas
|
| 655 |
|
9 |
|a textbooks (higher)
|2 eczenas
|
| 710 |
2 |
|
|a Univerzita obrany.
|b Fakulta vojenského leadershipu
|7 mzk2014850241
|4 isb
|
| 910 |
2 |
|
|a BOA001
|b 4-1500.537,1
|
| 990 |
|
|
|a BK
|
| 995 |
|
|
|a 01
|
| 991 |
|
|
|b 202212
|c NOV
|
| 996 |
6 |
|
|b 2610924045
|c 4-1500.537,1
|l MZK
|r Sklad / do 1 hodiny
|n 1
|p p.v.
|w 001907888
|u 000010
|a 1
|e BOA001
|j MZK50
|s P
|
| 996 |
7 |
|
|b 2610924046
|c 4-1500.537,1
|l MZK
|r Sklad / do 1 hodiny
|n 1
|p p.v.
|w 001907888
|u 000020
|a 1
|e BOA001
|j MZK50
|s A
|